Cider with Rosie /
Salvato in:
| Autore principale: | |
|---|---|
| Natura: | Sách giấy |
| Lingua: | English |
| Pubblicazione: |
Hong Kong :
Longman,
1991
|
| Tags: |
Aggiungi Tag
Nessun Tag, puoi essere il primo ad aggiungerne! !
|
| Thư viện lưu trữ: | Thư viện Trường Đại học Đà Lạt |
|---|
| LEADER | 00501nam a2200229 4500 | ||
|---|---|---|---|
| 001 | DLU020000858 | ||
| 005 | ##1/6/1999 | ||
| 041 | # | # | |a eng |
| 082 | # | # | |a 808.067 |b LE-L |
| 100 | # | # | |a Lee, Laurie |
| 245 | # | # | |a Cider with Rosie / |c Laurie Lee |
| 260 | # | # | |a Hong Kong : |b Longman, |c 1991 |
| 300 | # | # | |a 96 tr.; |c 19 cm. |
| 992 | # | # | |a 2000 |
| 994 | # | # | |a DLU |
| 900 | # | # | |a False |
| 911 | # | # | |a Administrator |
| 925 | # | # | |a G |
| 926 | # | # | |a A |
| 927 | # | # | |a SH |
| 980 | # | # | |a Thư viện Trường Đại học Đà Lạt |